| 000 | 00798nam a2200241 a 4500 | ||
|---|---|---|---|
| 001 | 54672 | ||
| 003 | BD-RjUL | ||
| 005 | 20211209080143.0 | ||
| 008 | 161108s1957 enk 000 0 eng | ||
| 035 | _a(BD-RjUL)54794 | ||
| 040 |
_aDLC _cODaWU _dOCoLC _dBD-RjUL _beng |
||
| 041 | _aeng | ||
| 082 | 0 | 0 |
_a822.33 _223 _bWES 1957 |
| 100 | 1 |
_aWebster, Margaret, _d1905-1972. _9163038 |
|
| 245 | 1 | 0 |
_aShakespeare today / _bMargaret, Webster, |
| 260 |
_aLondon : _bDent, _c1957 |
||
| 300 |
_a318 p. ; _c22 cm. |
||
| 600 | 1 | 0 |
_aShakespeare, William, _d1564-1616 _xDramatic production. _9163041 |
| 600 | 1 | 0 |
_aShakespeare, William, _d1564-1616 _xStage history _y1800-1950. _9163042 |
| 600 | 1 | 0 |
_aShakespeare, William, _d1564-1616 _xCriticism and interpretation. _9162178 |
| 942 |
_2ddc _cBK |
||
| 999 |
_c54672 _d54672 |
||